| 000 | 00777nam a2200301Ia 4500 | ||
|---|---|---|---|
| 001 | 19661 | ||
| 003 | IT-RoPAU | ||
| 008 | 130308s9999 xx 000 0 und d | ||
| 040 | _aIT-RoPAU | ||
| 040 | _cIT-RoPAU | ||
| 041 | _aFRANCESE | ||
| 100 | _aBazin Andrè | ||
| 100 | _gCodice Aut. SPICS: 9432 | ||
| 245 | _aTheatre filmè (Le) | ||
| 245 | _bSept Ans de Cinema Francais | ||
| 250 | _a1a ed. | ||
| 260 | _aPARIS | ||
| 260 | _bCerf | ||
| 260 | _c1953 [1° Ed.:1953 - Ed.Ling.Originale:1953] | ||
| 300 | _a"14 p. (prefazione: no ; testo: 14 [pagine: 73-86])" | ||
| 500 | _aCinema Francese Teatro e Cinema | ||
| 650 | _aSTORIA NAZIONALE DEL CINEMA | ||
| 650 | _eCodice materia Spics: 6809 | ||
| 942 | _cBK | ||
| 957 | _71 | ||
| 999 |
_c54563 _d54563 |
||
| 999 | _bSI | ||
| 999 | _g1 | ||